ბათუმის შოთა რუსთაველის სახელმწიფო უნივერსიტეტის ბიბლიოთეკა

”პირველი სხივის” საძიებელი = "Pirveli Skhivi" the index / (ბიბ.ჩანაწერი № 46163)

000 -ლიდერი
ფიქსირებული სიგრძის საკონტროლო ველი 02155nam a2200301Ia 4500
001 - საკონტროლო ნომერი
საკონტროლო ველი 12995
003 - საკონტროლო ნომრის იდენტიფიკატორი
საკონტროლო ველი GE_BSU
005 - ბოლო ოპერაციის თარიღი და დრო
საკონტროლო ველი 20240813145319.0
008 - ფიქსირებული სიგრძის მონაცემთა ელემენტები - ზოგადი ინფორმაცია
ფიქსირებული სიგრძის საკონტროლო ველი 181216s2014||||ge |||||||||||||| ||geo||
020 ## - წიგნის საერთაშორისო სტანდარტული ნომერი
International Standard Book Number 9789941133244
040 ## - კატალოგიზაციის წყარო
Transcribing agency GE_BSU
041 ## - ენის კოდი
Language code of text/sound track or separate title geo
080 ## - უნივერსალური ათობითი კლასიფიკაციის ინდექსი
Universal Decimal Classification number 017/019 პ-38
245 ## - ცნობა სათაურის შესახებ
Title ”პირველი სხივის” საძიებელი = "Pirveli Skhivi" the index /
Statement of responsibility, etc ივანე ჯავახიშვილის სახ. თსუ ; საძიებლის შედგენაზე მუშაობდნენ : ლევან ბებურიშვილი, რუსუდან მეგრელიშვილი, მაკა ნუცუბიძე, ეკა ყაჩმაზაშვილი ; რედ. ზურაბ გაიპარაშვილი ; "პირველი სხივის" N1 და N2 წიგნის ორნამენტების ავტ. ს. კეცხოველი.
264 ## - წარმოების, გამოცემის, დისტრიბუციის და სხვა ცნობები
გამოცემის, წარმოების, დისტრიბუციის... ადგილი თბილისი :
გამოცემის, წარმოების, დისტრიბუციის... სახელწოდება თბილისის უნ-ტის გამ-ბა,
გამოცემის, წარმოების, დისტრიბუციის... თარიღი 2014.
300 ## - ფიზიკური აღწერა
Extent 235 გვ. ;
Dimensions 29 სმ.
500 ## - ზოგადი შენიშვნა
General note პირთა საძიებელი : გვ. 215-235
653 ## - INDEX TERM--UNCONTROLLED
Uncontrolled term ”პირველი სხივის” საძიებელი
653 ## - INDEX TERM--UNCONTROLLED
Uncontrolled term ქართული ჟურნალების ბიბლიოგრაფია
653 ## - INDEX TERM--UNCONTROLLED
Uncontrolled term ქართული ალმანახები
700 ## - ADDED ENTRY--PERSONAL NAME
Personal name ბებურიშვილი, ლ. (ლევან)
Relator term შემდგენელი
9 (RLIN) 23074
700 ## - ADDED ENTRY--PERSONAL NAME
Personal name ნუცუბიძე, მ. (მაკა)
Relator term შემდგენელი
9 (RLIN) 18942
700 ## - ADDED ENTRY--PERSONAL NAME
Personal name ყაჩმაზაშვილი, ე. (ეკა)
Relator term შემდგენელი
9 (RLIN) 23075
700 ## - ADDED ENTRY--PERSONAL NAME
Personal name გაიპარაშვილი, ზ. (ზურაბ)
Relator term რედაქტორი, წინასიტყვაობის ავტორი
9 (RLIN) 18943
700 ## - ADDED ENTRY--PERSONAL NAME
Personal name კეცხოველი, ს.
Relator term ორნამენტების ავტორი
9 (RLIN) 23076
710 ## - ADDED ENTRY--CORPORATE NAME
Corporate name or jurisdiction name as entry element თსუ
9 (RLIN) 23077
942 ## - ADDED ENTRY ELEMENTS (KOHA)
Koha item type წიგნი
Source of classification or shelving scheme
ეგზემპლარები
ჩამოწერის სტატუსი დაკარგული ეგზემპლარის სტატუსი კლასიფიკაციის წყარო ან თაროზე გაწყობის სქემა დაზიანების სტატუსი არ გაიცემა მუდმივი მდებარეობა (დაცვის ადგილი) ამჟამინდელი ადგილსამყოფელი თაროზე განთავსების ადგილი შეძენის თარიღი სრული შენახვის შიფრი შტრიხკოდი ბოლო ოპერაციის თარიღი ეგზემპლარის მიმდევრობითი ნომერი (კეტერი?) ფასის ძალაში შესვლის თარიღი ეგზემპლარის სახეობა
          ბათუმის შოთა რუსთაველის სახელმწიფო უნივერსიტეტის მთავარი ბიბლიოთეკა ბათუმის შოთა რუსთაველის სახელმწიფო უნივერსიტეტის მთავარი ბიბლიოთეკა წიგნსაცავი 2018-12-17 017/019 პ-38 27155 2018-12-17 27155 2018-12-17 წიგნი